00325nam a2200109Ia 4500008004100000245004100041260003800082300001500120650003200135980003100167999001700198151021s9999 xx 000 0 und d aMinistry of Devolution and Planning  aNairobi Government printers 2013  axvi,119p.  a_County mission and vision  a^d20140318 03:20:37^okorir c14803d14803